000 00401nam a22001457a 4500
008 230404b |||||||| |||| 00| 0 eng d
020 _a978-0143-3304-2-4
082 _a954.03
100 _aSubhadra Sen Gupta
245 _aA Flag, A Song And A Pinch Of Salt:
_b Freedom Fighters Of India
260 _bPuffin Books,
_c2007
300 _a196 p.
_c20 cm
942 _2ddc
999 _c9456
_d9457